Quizzes
Events
Quiz Creation
Community
Videos
Private Events
Remove Ads
Sign In
Join for FREE
Feedback
Dark Mode
Quiz Categories
Sports
Geography
Music
Movies
Television
Just For Fun
Miscellaneous
History
Literature
Language
Science
Gaming
Entertainment
Religion
Holiday
For Kids
Quiz Lab
Recent
Popular Today
Quiz Kudos Today
Editor Picks
Curator Picks
Quizzes by...
Day
Popularity
Type
Ratings
Length
Year
Community
Subscriptions
Recent Discussions
Orange Saloon
Badges
Playlists
Quests
Create
Leaderboards
Showdown
Live 5
Trivia Bingo
Activity
Puzzle Library
Sporcle Events
Private Events
Virtual Trivia
Globe League
Become a Host
Pub Owners
SporcleCon
Opinionation
Our Games
Videos
Blog
Mobile Apps
Partnerships
Remove Ads and Go Orange
Feedback
Sports
Athletes
MLB
NBA
NHL
NFL
Soccer
Sports Teams
WWE
NCAA
Football
Premier League
Basketball
Baseball
Hockey
Golf
Tennis
Cricket
Rugby
Auto Racing
Olympics
World Cup
Sports
Athletes
MLB
NBA
NHL
NFL
Soccer
Sports Teams
WWE
NCAA
Football
Premier League
Basketball
Baseball
Hockey
Golf
Tennis
Cricket
Rugby
Auto Racing
Olympics
World Cup
Random Quiz
Search Sporcle
×
Quiz Lab
Quiz Lab
Sports
NHL
Type in answers that appear in a list
Type in answers that appear in a list
Classic
Best Score? Go Orange.
NHL top 100 penalty minutes in season Stats
Can you name the NHL top 100 penalty minutes in season?
By
Juger
10m
100 Questions
992 Plays
992 Plays
992 Plays
Comments
Comments
Give Quiz Kudos
Give Quiz Kudos
-
- Ratings
hide this ad
More Info
Replay
Link that replays current quiz
Next Quiz
Link to next quiz in quiz playlist
You Got
0%
They Got
Avg Score
56%
Avg Friend Score
Upgrade to see
Score Distribution
Jump to the score distribution portion of the page
Score
0/100
Timer
10:00
0
Plays Today
season
player
% Correct
1987-
88
Bob Probert
91.8%
1996-
97
Bob Probert
91.8%
1990-
91
Bob Probert
91.8%
1992-
93
Bob Probert
91.8%
1997-
98
Tie Domi
89.9%
1993-
94
Tie Domi
89.9%
1992-
93
Tie Domi
89.9%
1995-
96
Tie Domi
89.9%
1986-
87
Tiger Williams
89.1%
1977-
78
Tiger Williams
89.1%
1980-
81
Tiger Williams
89.1%
1981-
82
Tiger Williams
89.1%
1976-
77
Tiger Williams
89.1%
1985-
86
Tiger Williams
89.1%
1975-
76
Tiger Williams
89.1%
1978-
79
Tiger Williams
89.1%
1983-
84
Tiger Williams
89.1%
1992-
93
Marty McSorley
85%
1988-
89
Marty McSorley
85%
1989-
90
Marty McSorley
85%
1974-
75
Dave Schultz
83.9%
1977-
78
Dave Schultz
83.9%
1973-
74
Dave Schultz
83.9%
1975-
76
Dave Schultz
83.9%
1988-
89
Tim Hunter
81.3%
1986-
87
Tim Hunter
81.3%
1987-
88
Tim Hunter
81.3%
1985-
86
Tim Hunter
81.3%
1991-
92
Rob Ray
79.5%
1990-
91
Rob Ray
79.5%
1997-
98
Donald Brashear
79.1%
1985-
86
Joe Kocur
73.4%
1984-
85
Chris Nilan
72.6%
1983-
84
Chris Nilan
72.6%
season
player
% Correct
1987-
88
Chris Nilan
72.6%
1996-
97
Gino Odjick
71.8%
1992-
93
Gino Odjick
71.8%
1991-
92
Gino Odjick
71.8%
1990-
91
Gino Odjick
71.8%
1991-
92
Brad May
68.5%
1995-
96
Brad May
68.5%
1989-
90
Alan May
68%
1995-
96
Matthew Barnaby
63.2%
1991-
92
Mike Peluso
61.4%
1990-
91
Mike Peluso
61.4%
1992-
93
Mike Peluso
61.4%
1987-
88
Basil McRae
60.1%
1988-
89
Basil McRae
60.1%
1989-
90
Basil McRae
60.1%
1986-
87
Basil McRae
60.1%
1987-
88
Rick Tocchet
59.9%
1993-
94
Craig Berube
59%
1990-
91
Craig Berube
59%
1989-
90
Craig Berube
59%
1991-
92
Steve Smith
55.6%
1993-
94
Shane Churla
54.6%
1989-
90
Shane Churla
54.6%
1988-
89
Dave Manson
54%
1989-
90
Dave Manson
54%
2001-
02
Peter Worrell
50.5%
1987-
88
Jay Miller
45.6%
1988-
89
Jay Miller
45.6%
1981-
82
Paul Baxter
43.6%
1991-
92
Mick Vukota
41.2%
1989-
90
Mick Vukota
41.2%
1996-
97
Paul Laus
38.9%
1997-
98
Paul Laus
38.9%
1981-
82
Al Secord
38.3%
season
player
% Correct
2007-
08
Daniel Carcillo
37.8%
1983-
84
Willi Plett
36.9%
1992-
93
Bryan Marchment
35.9%
1997-
98
Krzysztof Oliwa
33.9%
1991-
92
Link Gaetz
33.8%
1991-
92
Ron Stern
33.6%
1985-
86
Torrie Robertson
32.8%
1984-
85
Torrie Robertson
32.8%
1987-
88
Torrie Robertson
32.8%
1991-
92
Gord Donnelly
29.9%
1987-
88
Gord Donnelly
29.9%
1995-
96
Enrico Ciccone
29.7%
1975-
76
Bryan Watson
28.2%
1975-
76
Steve Durbano
26.9%
1980-
81
Paul Holmgren
26.6%
1992-
93
Nick Kypreos
25.3%
1993-
94
Warren Rychel
24%
1992-
93
Warren Rychel
24%
1997-
98
Rich Pilon
23.2%
1986-
87
Brian Curran
23%
1989-
90
Brian Curran
23%
1970-
71
Keith Magnuson
18.9%
1988-
89
Mike Hartman
17.7%
1981-
82
Glen Cochrane
17.6%
1989-
90
Troy Mallette
17.5%
1975-
76
Dennis Polonich
16.1%
1987-
88
Richard Zemlak
15.3%
1975-
76
Bob Gassoff
15.1%
1981-
82
Pat Price
13.4%
1989-
90
Wayne Van Dorp
10.7%
1989-
90
Neil Sheehy
10.5%
1983-
84
Gary Rissling
9.7%
Quiz Playlist
Details
Report
Send in Message
Add To Playlist
More Info:
There is bonus answer for player from the picture, have fun!
Classic:
Type in answers that appear in a list
Last Updated: Feb 19, 2019
Quiz Scoreboard
CHALLENGE
Sign Up to Join the Scoreboard
Show All
Scores
Hide
Comments
May contain spoilers
Recently Published
Billboard Blitz: Fleetwood Mac
by CooCooCachoo
Music
15s
Presidents Visiting Landmarks
by Hejman
History
7m
An Introduction to Baseball
by treessimontrees
Sports
5m
More to Explore
Quiz From the Vault
Featured Blog Post
Where Did the Easter Bunny Come From?
hide this ad
You Might Also Like...
Tags
NHL Quiz
Minute Leaders
Penalty
pim
PIM Leaders
Top 100
Today's Top Quizzes in Sports
Browse Sports
hide this ad
Today's Top Quizzes in NHL
Browse NHL
Top Contributed Quizzes in Sports
1
Les meilleurs buteurs des matchs entre le PSG et l’OM
2
2022 World Cup Stars
3
FIFA Club World Cup Champions
4
Les entraîneurs de l'OM et du PSG au 21e siècle
5
Criteria MLB: Left Handed Sluggers
6
Name the Premier League winners with different clubs
7
5-to-1: UK Sports Teams
8
AFC Teams Reveal (Wrong Answers Minefield)
9
Players with Multiple 50 Home Run Seasons
10
5-to-1: FBS Animal Nicknames
Explore More
Trending Topics
Marvel
Anime
Crossword
Disney
NBA
Harry Potter
Kpop
Pokémon
NFL
The Office
Song
Country
Soccer
Puzzle
WWE
hide this ad
More By:
Juger
Quiz
Plays
Rating
Category
Featured
Created
NHL top 10 european goal scorers 1990-2010
5,546
4.58
Sports
Sep 7, 2010
Top 10 scoring leaders NHL original six
5,276
4.70
Sports
Oct 1, 2010
top 100 NHL scoring season by europeans
4,412
4.49
Sports
Sep 3, 2010
NHL 1st and 2nd All Star Teams in 80's
2,686
4.55
Sports
Oct 20, 2010
NHL top 100 playoff scoring seasons
1,675
4.42
Sports
Sep 13, 2010
Go to Creator's Profile
Score Distribution
Quiz Creator Spotlight
Juger
Follow
Send a Message
Quizzes Created
-
Created Quiz Play Count
-
More By This Creator
Popular Quizzes Today
1
Find the US States - No Outlines Minefield
2
Find the Countries of Europe - No Outlines Minefield
3
The Countries of the World
4
Find the US States
5
US States
6
Risky Map Clicking: Biggest States A-Z
7
Popular People in 1961
8
Movies - When Are They Set?
More Sports Quizzes
Was He a Laker?
Published
Trending Quizzes
Risky Map Clicking: Least Populous States A-Z
1-10 Letter G Words
1-10 Letter F Words
Risky Map Clicking: Next State Alphabetically
Risky Map Clicking: Biggest States A-Z
Recently Updated
Leaping Animals
pecheneg
Reality TV Shows (A-Z)
bhenderson79
Rickey Henderson's Hall of Fame Teammates
pecheneg
Champions League XIs: Arsenal
pecheneg
Quick Pick: Celebrities in WWE's Hall of Fame
aduchscher
A-Z Keypad Blitz II
pecheneg
Multiple Oscar Actors
pecheneg
Mystery Phrase Blitz: Oscar 'Best Actors'
pecheneg
F. Scott Fitzgerald Novels
LTH
Pick 3 Villains
ddd62291
Trending Topics
Anime
Harry Potter
Crossword
Disney
Marvel
Kpop
NBA
WWE
Soccer
Pokémon
Country
NFL
The Office
Song
Puzzle
Your Account Isn't Verified!
In order to create a playlist on Sporcle, you need to verify the email address you used during registration. Go to your
Sporcle Settings
to finish the process.
Report this User
Report this user for behavior that violates our
Community Guidelines
.
Details:
Send Report
Go to the Sporcle.com Mobile Site →
Comments